MARC details
| 000 -CABECERA |
| campo de control de longitud fija |
04984nam a2200361 a 4500 |
| 003 - IDENTIFICADOR DEL NÚMERO DE CONTROL |
| campo de control |
CHAP |
| 005 - FECHA Y HORA DE LA ÚLTIMA TRANSACCIÓN |
| campo de control |
20251216085052.0 |
| 007 - CAMPO FIJO DE DESCRIPCIÓN FÍSICA--INFORMACIÓN GENERAL |
| campo de control de longitud fija |
ta |
| 008 - DATOS DE LONGITUD FIJA--INFORMACIÓN GENERAL |
| campo de control de longitud fija |
251215s2025 mx abo|fsm||| 001 0 spa d |
| 040 ## - FUENTE DE LA CATALOGACIÓN |
| Normas de descripción |
rda |
| 041 ## - CÓDIGO DE LENGUA |
| Código de lengua del texto/banda sonora o título independiente |
spa |
| Código de lengua del sumario o resumen |
eng |
| 100 1# - ENTRADA PRINCIPAL--NOMBRE DE PERSONA |
| Nombre de persona |
Aguilar López, Lucía del Carmen |
| 9 (RLIN) |
185597 |
| 240 ## - TÍTULO UNIFORME |
| Título uniforme |
Proposal for a selection plan of green gold coffee (coffea Arabica l.) for the company ecafé. |
| Lenguaje de la obra |
Español |
| 245 1# - MENCIÓN DE TÍTULO |
| Título |
Propuesta de plan de selección de café oro verde (Coffea arabica L.) para la empresa ecafé / |
| Mención de responsabilidad, etc. |
Lucía del Carmen Aguilar López |
| 264 ## - PRODUCCIÓN, PUBLICACIÓN, DISTRIBUCIÓN, FABRICACIÓN Y COPYRIGHT |
| Producción, publicación, distribución, fabricación y copyright |
Chapingo, México : |
| Nombre del de productor, editor, distribuidor, fabricante |
El autor, |
| Fecha de producción, publicación, distribución, fabricación o copyright |
2025 |
| 300 ## - DESCRIPCIÓN FÍSICA |
| Extensión |
1 recurso en línea ( 77 páginas) : |
| Otras características físicas |
ilustraciones, tablas, mapas, fotografías |
| 336 ## - TIPO DE CONTENIDO |
| Fuente |
rdacontent |
| Término de tipo de contenido |
texto |
| Código de tipo de contenido |
txt |
| 337 ## - TIPO DE MEDIO |
| Fuente |
rdamedia |
| Nombre/término del tipo de medio |
computadora |
| Código del tipo de medio |
c |
| 338 ## - TIPO DE SOPORTE |
| Fuente |
rdacarrier |
| Nombre/término del tipo de soporte |
recurso en línea |
| Código del tipo de soporte |
cr |
| 502 ## - NOTA DE TESIS |
| Nota de tesis |
Informe de Estancia Preprofesional |
| Tipo de título |
(Ingeniero Agroindustrial) -- |
| Nombre de la institución que otorga el título |
Departamento de Ingeniería Agroindustrial, |
| Año de obtención del título |
2025 |
| Información miscelánea |
Licenciatura |
| 504 ## - NOTA DE BIBLIOGRAFÍA, ETC. |
| Nota de bibliografía, etc. |
Bibliografía: páginas 73-74 |
| 520 3# - SUMARIO, ETC. |
| Sumario, etc. |
El presente documento está integrado por los resultados obtenidos durante la realización de la Estancia Preprofesional dentro de la empresa Ecafé, Exportadora de Café Chiapas S.A. de C.V. ubicada en La Trinitaria, Chiapas durante el periodo comprendido del 01 de julio de 2024 al 30 de septiembre de 2024. Ecafé es una empresa que cuenta con una planta ubicada en La Trinitaria, Chiapas y con dos fincas que se dedican a la producción de café ubicadas en Jacaltenango y Motozintla, Chiapas, respectivamente. Esta empresa se dedica a la producción, comercialización y exportación de café oro. La empresa cuenta con grandes perspectivas de expansión, por lo cual es de suma importancia tener planteado un proceso adecuado para la selección de granos de café oro y asegurar la calidad de café que se ofrece al consumidor. Este proyecto presenta un plan de selección de café oro (Coffea Arabica L.) para la empresa, este se enfoca principalmente en plantear un proceso de selección de café oro que se rija a las normas mexicanas para asegurar la calidad ofrecida y tener un proceso especifico dentro de la empresa para este fin. Para ello se hizo un diagnóstico de la empresa y del proceso que se tiene para la selección de los granos de café oro, para identificar las deficiencias y las alternativas de solución para dicho proceso. Para la elaboración de dicho documento se rescataron conceptos e información de distintas normas, tales como; NMX-F 107-SCFI-2008, NMX-F-162-SCFI-2008, NOM-169-SCFI- 2007, entre otras más. Además de eso también se realizó una lista de verificación con base en la NOM-251-SSA1-2009 para obtener un diagnóstico completo de la empresa. El cumplimiento de este plan de selección compromete a todo el personal que se dedica a este proceso dentro de la empresa. |
| 520 3# - SUMARIO, ETC. |
| Sumario, etc. |
This document presents the results obtained during the completion of the Pre-professional Internship at Ecafé, Exportadora de Café Chiapas S.A. de C.V., located in La Trinitaria, Chiapas, during the period from July 1, 2024, to September 30, 2024. Ecafé is a company with a processing plant in La Trinitaria, Chiapas, and two coffee-producing farms located in Jacaltenango and Motozintla, Chiapas, respectively. The company is dedicated to the production, commercialization, and export of green coffee. The company has strong expansion prospects, making it essential to establish an appropriate process for selecting green coffee beans to ensure the quality of the coffee offered to consumers. This project presents a selection plan of green coffee (Coffea Arabica L.) for the company. It focuses primarily on establishing a selection process that adheres to Mexican standards to guarantee quality and to implement a specific procedure within the company for this purpose. To achieve this, a diagnostic assessment of the company and its current green coffee bean selection process was conducted to identify deficiencies and propose alternative solutions. The development of this document incorporated concepts and information from various standards, including NMX-F-107-SCFI-2008, NMX-F-162-SCFI- 2008, NOM-169-SCFI-2007, among others. Additionally, a checklist based on NOM-251- SSA1-2009 was created to obtain a comprehensive diagnosis of the company. Compliance with this selection plan involves all personnel engaged in this process within the company. |
| 650 13 - PUNTO DE ACCESO ADICIONAL DE MATERIA--TÉRMINO DE MATERIA |
| Término de materia o nombre geográfico como elemento de entrada |
Semillas de café |
| Subdivisión general |
Control de calidad |
| Subdivisión geográfica |
México |
| 9 (RLIN) |
157622 |
| Fuente del encabezamiento o término |
atg |
| 650 13 - PUNTO DE ACCESO ADICIONAL DE MATERIA--TÉRMINO DE MATERIA |
| Término de materia o nombre geográfico como elemento de entrada |
Semillas de café |
| Subdivisión general |
Industria y comercio |
| Subdivisión geográfica |
México |
| 9 (RLIN) |
157625 |
| Fuente del encabezamiento o término |
atg |
| 650 13 - PUNTO DE ACCESO ADICIONAL DE MATERIA--TÉRMINO DE MATERIA |
| Término de materia o nombre geográfico como elemento de entrada |
Coffee beans |
| Subdivisión general |
Quality control |
| Subdivisión geográfica |
Mexico |
| 9 (RLIN) |
157620 |
| Fuente del encabezamiento o término |
atg |
| 650 13 - PUNTO DE ACCESO ADICIONAL DE MATERIA--TÉRMINO DE MATERIA |
| Término de materia o nombre geográfico como elemento de entrada |
Coffee beans |
| Subdivisión general |
Industry and trade |
| Subdivisión geográfica |
Mexico |
| 9 (RLIN) |
157619 |
| Fuente del encabezamiento o término |
atg |
| 700 1# - PUNTO DE ACCESO ADICIONAL--NOMBRE DE PERSONA |
| Nombre de persona |
Reyna Izaguirre, Diana América |
| 9 (RLIN) |
147338 |
| Término indicativo de función/relación |
directora |
| 700 1# - PUNTO DE ACCESO ADICIONAL--NOMBRE DE PERSONA |
| Nombre de persona |
Maldonado Simán, Ema de Jesús |
| 9 (RLIN) |
70136 |
| Término indicativo de función/relación |
asesora |
| 700 1# - PUNTO DE ACCESO ADICIONAL--NOMBRE DE PERSONA |
| Nombre de persona |
Márquez Berber, Sergio Roberto |
| 9 (RLIN) |
76297 |
| Término indicativo de función/relación |
asesor |
| 856 ## - LOCALIZACIÓN Y ACCESO ELECTRÓNICOS |
| Identificador Uniforme del Recurso |
http://10.13.5.2/tesis/t?/archivo.pdf |
| Nota pública |
DESCARGAR PDF |
| 942 ## - ELEMENTOS DE PUNTO DE ACCESO ADICIONAL (KOHA) |
| Fuente del sistema de clasificación o colocación |
Clasificación Universidad Autónoma Chapingo |
| Tipo de ítem Koha |
Tesis digital |